| 000 | 00864nam a2200193 a 4500 | ||
|---|---|---|---|
| 005 | 20140412111248.0 | ||
| 008 | 020516s19uu xx 00 eng d | ||
| 020 | _a0-689-82440-8 | ||
| 050 |
_aER _bRu84oh 1999 |
||
| 100 | _aDavid, Luke | ||
| 245 |
_aRugrats: oh, brother! / _cby Luke David ; illustrated by Louie del Carmen and James Peters. |
||
| 260 |
_aNew York : _bSimon Spotlight/Nickelodeon, _c1999. |
||
| 300 | _a[22] p. ; ill. | ||
| 440 | _aNickelodeon | ||
| 520 | _aEveryone in gaga over Tommy's new baby brother Dylan (a.k.a. ":Dil") Pickels. And poor Tommy and Chuckie can't seem to get the "growed-ups" attention anymore. So what's a baby to do? Find out in this humurous yet touching story about how Tommy begins to accept his new role as big brothers. | ||
| 650 |
_aSibling rivalry _xFiction |
||
| 650 |
_aHumurous _xFiction |
||
| 999 |
_c103025 _d103025 |
||